00391nam a2200157Ia 4500003000400000005001700004008004100021040000700062041000800069082002500077100002600102245003800128260004100166300001200207365001400219OSt20230323094027.0210423s2006 xx 000 0 und d cAL aeng a809.93592223b DONS aDONALDSON (Scott),Ed. aCambridge companion to Hemingway. aUKbCambridge University Pressc2006 axii,321 b1634cINR